| 000 | 00466nam a22001817a 4500 | ||
|---|---|---|---|
| 005 | 20251022141422.0 | ||
| 008 | 251022b |||||||| |||| 00| 0 eng d | ||
| 037 | _cTB | ||
| 040 |
_aAL _cAL |
||
| 041 |
_2TLG _aTLG |
||
| 084 | _bAL | ||
| 245 | _aSvarnasha katam | ||
| 260 |
_aHyderabad, India: _bVishalandhre: _c1993. |
||
| 300 | _a114p. | ||
| 365 |
_b25.00 _cINR |
||
| 942 |
_2CC _cTB _n0 |
||
| 999 |
_c1464972 _d1464972 |
||